U.S. Cities Over 100,000 - C - Statistics

General Stats
  • This quiz has been taken 291 times
    195 since last reset
  • The average score is 16 of 29
Answer Stats
Pop. City % Correct
2,707,120 Chicago
99%
194,107 Columbus (GA)
95%
797,434 Columbus (OH)
95%
296,223 Cincinnati
94%
393,806 Cleveland
90%
122,689 Charleston
82%
751,087 Charlotte
82%
110,438 Columbia (MO)
77%
130,591 Columbia (SC)
77%
307,953 Corpus Christi
70%
426,388 Colorado Springs
69%
170,136 Chattanooga
61%
247,535 Chula Vista
56%
225,050 Chesapeake
54%
157,476 Cape Coral
50%
240,101 Chandler
46%
124,055 Concord
46%
127,905 Cedar Rapids
41%
136,231 Clarksville
40%
106,038 Cambridge
39%
155,896 Corona
38%
123,338 Coral Springs
36%
139,633 Cary
31%
107,784 Clearwater
28%
106,888 Carlsbad
26%
122,640 Carrollton
26%
113,686 College Station
21%
111,600 Costa Mesa
16%
102,603 Centennial
15%
No matching quizzes found
Score Distribution
Percent of People with Each Score
Percentile by Number Answered
Your Score History
You have not taken this quiz since the last reset